Paesi per foto del loro leader n°2 - Statistics

Statistiche generali
  • Questo quiz è stato fatto 285 volte
  • Il punteggio medio è 6 su 16
Statistiche sulle risposte
con Immagini Risposta % Corretto
Città del Vaticano
97%
Corea del Nord
95%
Israele
58%
Corea del Sud
50%
Emirati Arabi Uniti
46%
Venezuela
38%
Filippine
34%
Ungheria
32%
Grecia
24%
Sudafrica
20%
Cuba
12%
Ucraina
12%
Nigeria
11%
Brunei
9%
Argentina
8%
Irlanda
6%
Nessun quiz corrispondente trovato
Distribuzione punteggi
Percentuale di utenti per punteggio
Percentile per numero di risposta
I tuoi punteggi nel tempo
Non hai fatto questo quiz